00948nam a2200277Ia 450000500170000000800410001702000190005810000190007724500860009625000190018230000510020149000240025265000450027665000460032165000490036770000290041670000330044594200150047826400280049333600270052133700330054833800280058104000350060908400110064499900150065520220317001122.0160825s2009 sp a g 000 0 spa  a978842042170121 aAda, Alma Flor14aUna semilla de luzcAlma Flor Ada, F. Isabel Campoy ; ilustrado por Marina Seoane a1a. edición  a27 páginas bilustraciones en color c26 cm  aDerechos del niño142LEMBaCuentos infantiles estadounidenses142LEMBaLiteratura infantil estadounidense 142LEMBaDerechos del niño en la literatura 1 aCampoy, F. Isabel 921391 aSeoane, Marinad1957-966347 2loccBKINF aMadridbAlfaguarac2009 atextobtxt2rdacontent asin mediaciónbn2rdamedia avolumenbnc2rdacarrier aCO-BoRNBPbspaerdacCO-BoRNBP aC ADA1 c5976d5976